000 00316nam a2200145Ia 4500
100 _aFlexner/ S.B.
650 _aGeneral
942 _cRB
654 _aword power
245 _aHow to increase your word power
260 _bReading digest
_aHong Kong
_c1979
082 _a428
300 _a727
546 _aENGLISH
999 _c34386
_d34386